Computerising your business : (Record no. 127759)

MARC details
000 -LEADER
fixed length control field 00715nam a22002177a 4500
005 - DATE AND TIME OF LATEST TRANSACTION
control field 20170124110030.0
010 ## - LIBRARY OF CONGRESS CONTROL NUMBER
LC control number A-364716
020 ## - INTERNATIONAL STANDARD BOOK NUMBER
Terms of availability 00.00
035 ## - SYSTEM CONTROL NUMBER
System control number A-364716
037 ## - SOURCE OF ACQUISITION
Source of stock number/acquisition Cen Lib/Ret
040 ## - CATALOGING SOURCE
Original cataloging agency DPL
Language of cataloging EN
082 ## - DEWEY DECIMAL CLASSIFICATION NUMBER
Classification number 510.78
Item number BIS
100 ## - MAIN ENTRY--PERSONAL NAME
Personal name Biswas, Anupam
9 (RLIN) 21455
245 ## - TITLE STATEMENT
Title Computerising your business :
Statement of responsibility, etc by Amit Biswas
Remainder of title a commonsense guide for management /
260 ## - PUBLICATION, DISTRIBUTION, ETC. (IMPRINT)
Place of publication, distribution, etc Bombay
Name of publisher, distributor, etc Popular Prakshan
Date of publication, distribution, etc 1989
270 ## - ADDRESS
Address 35-C, Pandit Madan Mohan Malaviya Marg Popular Press Bldg.
City Bombay
Postal code 400034
300 ## - PHYSICAL DESCRIPTION
Extent xii,154p. :
Dimensions 21cm(Hb)
Other physical details ill.
650 ## - SUBJECT ADDED ENTRY--TOPICAL TERM
Topical term or geographic name as entry element Business computer applications
9 (RLIN) 21456
650 ## - SUBJECT ADDED ENTRY--TOPICAL TERM
Topical term or geographic name as entry element Application software
9 (RLIN) 21457
942 ## - ADDED ENTRY ELEMENTS (KOHA)
Source of classification or shelving scheme Dewey Decimal Classification
Koha item type English Books
Classification part 510.78
Call number suffix BIS
Holdings
Withdrawn status Lost status Damaged status Not for loan Home library Current library Date acquired Source of acquisition Cost, normal purchase price Total Checkouts Full call number Barcode Date last seen Copy number Cost, replacement price Price effective from Koha item type Public note
Written off       Central Library Central Library 30/06/2015 Cen Lib/Ret 0.00   510.78 BIS A-364716 30/06/2015 1 0.00 30/06/2015 English Books Written off on approval by DLB (By Circulation); dtd 15-06-2023

© Delhi Public Library
Hit Counter
free hit counter